Экспериментальное исследование процессов столкновения нескольких последовательно движущихся капель воды в потоке высокотемпературных газов; Энергетика, электромеханика и энергоэффективные технологии глазами молодежи

Dades bibliogràfiques
Parent link:Энергетика, электромеханика и энергоэффективные технологии глазами молодежи.— 2015.— [С. 146-149]
Autor principal: Антонов Д. В. Дмитрий Владимирович
Autor corporatiu: Национальный исследовательский Томский политехнический университет (ТПУ) Энергетический институт (ЭНИН) Кафедра автоматизации теплоэнергетических процессов (АТП)
Altres autors: Волков Р. С. Роман Сергеевич, Стрижак П. А. Павел Александрович
Sumari:Заглавие с титульного экрана
Idioma:rus
Publicat: 2015
Col·lecció:Эффективная энергетика
Matèries:
Accés en línia:http://earchive.tpu.ru/handle/11683/19812
http://www.lib.tpu.ru/fulltext/c/2015/C50/043.pdf
Format: MixedMaterials Electrònic Capítol de llibre
KOHA link:https://koha.lib.tpu.ru/cgi-bin/koha/opac-detail.pl?biblionumber=615316

MARC

LEADER 00000naa2a2200000 4500
001 615316
005 20240222064835.0
035 |a (RuTPU)RU\TPU\conf\13515 
035 |a RU\TPU\conf\13513 
090 |a 615316 
100 |a 20151103d2015 k y0rusy50 ca 
101 0 |a rus 
102 |a RU 
105 |a y z 101zy 
135 |a drcn ---uucaa 
181 0 |a i  
182 0 |a b 
200 1 |a Экспериментальное исследование процессов столкновения нескольких последовательно движущихся капель воды в потоке высокотемпературных газов  |f Д. В. Антонов, Р. С. Волков, П. А. Стрижак 
203 |a Текст  |c электронный 
225 1 |a Эффективная энергетика 
300 |a Заглавие с титульного экрана 
320 |a [Библиогр.: с. 149 (4 назв.)] 
337 |a Adobe Reader 
338 |b Российский фонд фундаментальных исследований  |d 15-33-5008515 
463 0 |0 (RuTPU)RU\TPU\conf\13454  |t Энергетика, электромеханика и энергоэффективные технологии глазами молодежи  |o материалы III российской молодежной научной школы-конференции, г.Томск, 21-23 октября 2015 г.  |f Национальный исследовательский Томский политехнический университет (ТПУ) ; Российский фонд фундаментальных исследований (РФФИ) ; ред. кол. Е. П. Богданов , Т. В. Усачева  |v [С. 146-149]  |d 2015 
610 1 |a труды учёных ТПУ 
610 1 |a электронный ресурс 
610 1 |a экспериментальное исследование 
610 1 |a высокотемпературные газы 
610 1 |a вода 
610 1 |a капли 
610 1 |a термическая очистка 
610 1 |a очистка 
700 1 |a Антонов  |b Д. В.  |c специалист в области теплоэнергетики  |c инженер-исследователь Томского политехнического университета  |f 1996-  |g Дмитрий Владимирович  |3 (RuTPU)RU\TPU\pers\46665 
701 1 |a Волков  |b Р. С.  |c специалист в области теплоэнергетики  |c доцент Томского политехнического университета, кандидат технических наук  |f 1987-  |g Роман Сергеевич  |3 (RuTPU)RU\TPU\pers\32850  |9 16698 
701 1 |a Стрижак  |b П. А.  |c специалист в области теплоэнергетики  |c профессор Томского политехнического университета, доктор физико-математических наук  |f 1985-  |g Павел Александрович  |x TPU  |y Томск  |3 (RuTPU)RU\TPU\pers\25983  |9 11832 
712 0 2 |a Национальный исследовательский Томский политехнический университет (ТПУ)  |b Энергетический институт (ЭНИН)  |b Кафедра автоматизации теплоэнергетических процессов (АТП)  |3 (RuTPU)RU\TPU\col\18678 
801 2 |a RU  |b 63413507  |c 20210211  |g RCR 
856 4 |u http://earchive.tpu.ru/handle/11683/19812 
856 4 |u http://www.lib.tpu.ru/fulltext/c/2015/C50/043.pdf 
942 |c BK